000 01161nam a2200289 4500
005 20240530111001.0
008 230215s2019 ua g 000 0 ara d
017 _a2019/4385
_bمصر. دار الكتب
020 _a9789778547306
040 _aEG-CaGPL
_cEG-CaGPL
082 0 4 _221
_a410
_bم إ
100 0 _aمحمد بن احمد الرشيد
245 1 0 _aإلا اللغة العربية /
_cمحمد بن احمد الرشيد ؛ جمعها وصنفها واشرف على مراجعتها محمد ابو بكر حميد
250 _aط.1
260 _aالقاهرة :
_bالدار العربية اللبنانية،
_c2019.
300 _a200 ص. ؛
_c24 سم.
490 0 _aالاعمال الكاملة
650 0 7 _2qrmak
_aاللغة العربية
650 0 7 _2qrmak
_aفقة اللغة العربية
650 0 7 _2qrmak
_aالبلاغة العربية
650 0 7 _2qrmak
_aاللغة العربية
_xالاشتقاق
650 0 7 _2qrmak
_aاللغة العربية
_xالفاظ
651 _2qrmak
700 0 _aمحمد ابو بكر حميد
_eمصنف ومشرف ومراجع
942 _2ddc
_cBK
999 _c67181
_d67181